| 000 | 00563nam a2200229Ia 4500 | ||
|---|---|---|---|
| 003 | OSt | ||
| 005 | 20221005120515.0 | ||
| 006 | a|||||r|||| 00| 0 | ||
| 007 | ta | ||
| 008 | 221004b |||||||| |||| 00| 0 eng d | ||
| 024 | _a34749 | ||
| 037 | _cTextual | ||
| 040 |
_aCRL _cCRL _beng |
||
| 041 |
_2eng _aeng |
||
| 082 | _aZ:91, G01 | ||
| 100 |
_aKeeton George W _9144644 |
||
| 245 | 0 | _aElementary principles of jurisprudence | |
| 260 | _c1931 | ||
| 650 | _aLAW | ||
| 942 |
_hZ:91, G01 _cTEXL _2cc |
||
| 999 |
_c1038301 _d1038301 |
||